000 00823nam a2200265 i 4500
001 000030960
003 DO-SdBNP
005 20240530073920.0
007 ta
008 110608s1983 dr 000 0 spa d
040 _aDO-SdBNP
_bspa
_cBNPHU
082 4 _aRD863.44
_bR457m
_222
100 1 _aReyes Ureña, Bienvenido
_957473
_eautor
245 1 3 _aEl magistrado :
_bnovela /
_cBienvenido Reyes Ureña.
260 _aSanto Domingo :
_bImpresora y papelería Isabelita,
_c1983.
300 _a224 páginas ;
_c22 cm.
336 _2rdacontent
_atexto
_btxt
337 _2rdamedia
_asin mediación
_bn
338 _2rdacarrier
_avolumen
_bnc
590 _aInventariado, 2023/MFF
650 0 _aNovela dominicana
_9223
650 4 _aLiteratura dominicana
910 _aValidado. Control de calidad MFF
942 _2ddc
_cLBS1
999 _c30452
_d30452